Statistics for Top 75 most populated cities in the world

Click here to take the quiz!

General Stats

  • This quiz has been taken 15 times
  • The average score is 57 of 75

Answer Stats

City% Correct
London
100%
London
100%
New York City
100%
New York City
100%
Beijing
93%
Cairo
93%
Cairo
93%
Cairo
93%
Delhi
93%
Delhi
93%
Jakarta
93%
Jakarta
93%
Jakarta
93%
Mexico City
93%
Mexico City
93%
Mexico City
93%
Moscow
93%
Moscow
93%
Mumbai
93%
Mumbai
93%
Rio de Janeiro
93%
Rio de Janeiro
93%
Shanghai
93%
Tokyo
93%
Tokyo
93%
Bangkok
86%
Bangkok
86%
Bangkok
86%
Buenos Aires
79%
Buenos Aires
79%
Dhaka
79%
Dhaka,
79%
Dhaka
79%
Lahore
79%
Lahore
79%
São Paulo
79%
São Paulo
79%
Bangalore
71%
Bangalore
71%
Bangalore
71%
Bogotá
71%
Guangzhou
71%
Guangzhou
71%
Hong Kong
71%
Istanbul
71%
Istanbul
71%
Karachi
71%
Karachi
71%
Lagos
71%
Lagos
71%
Lagos
71%
Osaka
71%
Tehran
71%
Tehran
71%
Chennai
64%
Kolkata
64%
Kolkata
64%
Lima
64%
Lima
64%
Manila
64%
Manila
64%
Seoul
64%
Seoul
64%
Seoul
64%
Chongqing
57%
Chongqing
57%
Ho Chi Minh City
57%
Hyderabad
57%
Kinshasa
57%
Kinshasa
57%
Shenzhen
50%
Shenzhen
50%
Shenzhen
50%
Tianjin
29%
Tianjin
29%

Score Distribution

Percentile by Number Answered

Percent of People with Each Score

Your Score History

You have not taken this quiz